Statistics for The A Team - Ed Sheeran lyrics

Click here to take the quiz!

General Stats

  • This quiz has been taken 880 times
  • The average score is 280 of 350

Answer Stats

Answer % Correct
the
98%
a
98%
in
98%
the
98%
the
98%
in
98%
the
98%
the
98%
a
98%
the
98%
in
98%
in
98%
the
98%
the
98%
a
98%
a
98%
the
98%
in
98%
in
98%
in
98%
a
98%
the
98%
in
98%
in
98%
a
98%
a
98%
the
98%
a
98%
in
98%
in
98%
a
98%
the
98%
in
98%
in
98%
in
98%
the
98%
a
98%
to
95%
to
95%
to
95%
to
95%
to
95%
to
95%
to
95%
to
95%
to
95%
to
95%
to
95%
to
95%
to
95%
to
95%
to
95%
to
95%
to
95%
to
95%
to
95%
to
95%
to
95%
to
95%
to
95%
to
95%
team
94%
team
94%
an
94%
team
94%
she
93%
she
93%
she
93%
she
93%
face
92%
her
92%
her
92%
her
92%
face
92%
her
92%
face
92%
her
92%
her
92%
face
92%
class
91%
class
91%
class
91%
white
90%
they
90%
and
90%
and
90%
they
90%
and
90%
and
90%
and
90%
they
90%
they
90%
and
90%
and
90%
and
90%
and
90%
white
90%
and
90%
and
90%
they
90%
and
90%
and
90%
and
90%
and
90%
they
90%
and
90%
say
88%
say
88%
stuck
88%
stuck
88%
stuck
88%
daydream
88%
daydream
88%
daydream
88%
pale
88%
say
88%
for
87%
for
87%
for
87%
she's
87%
she's
87%
for
87%
for
87%
for
87%
she's
87%
for
87%
lips
87%
for
87%
for
87%
out
86%
but
86%
but
86%
but
86%
outside
85%
this
85%
been
85%
go
85%
this
85%
outside
85%
this
85%
go
85%
cold
85%
been
85%
we
85%
outside
85%
outside
85%
snowflakes
85%
go
85%
outside
85%
breathing
85%
cold
85%
go
85%
outside
85%
this
85%
been
85%
go
85%
cold
85%
go
85%
we
85%
since
84%
fly
84%
fly
84%
way
84%
lately
84%
fly
84%
fly
84%
fly
84%
way
84%
fly
84%
fly
84%
way
84%
since
84%
fly
84%
fly
84%
since
84%
lately
84%
fly
84%
fly
84%
lately
84%
angel
83%
hand
83%
love
83%
another
83%
love
83%
life
83%
love
83%
another
83%
man
83%
hand
83%
us
83%
life
83%
eighteen
83%
hand
83%
us
83%
life
83%
us
83%
eighteen
83%
eighteen
83%
life
83%
man
83%
man
83%
another
83%
like
82%
like
82%
come
82%
like
82%
come
82%
come
82%
seems
81%
slowly
81%
upper
81%
things
81%
too
81%
free
81%
worst
81%
free
81%
too
81%
slowly
81%
things
81%
things
81%
worst
81%
upper
81%
worst
81%
slowly
81%
free
81%
upper
81%
seems
81%
seems
81%
too
81%
it's
80%
wasting
80%
wasting
80%
under
80%
it's
80%
under
80%
wasting
80%
under
80%
it's
80%
tonight
79%
tonight
79%
crumbling
79%
crumbling
79%
angels
79%
angels
79%
tonight
79%
angels
79%
angels
79%
angels
79%
angels
79%
crumbling
79%
tonight
79%
angels
79%
couple
78%
we're
78%
sell
78%
sinking
78%
couple
78%
we're
78%
we're
78%
couple
78%
sinking
78%
sinking
78%
don't
77%
don't
77%
don't
77%
motherland
75%
taste
75%
motherland
75%
motherland
75%
grams
75%
want
75%
want
75%
grams
75%
want
75%
grams
75%
pastries
74%
pastries
74%
pastries
74%
just
74%
just
74%
die
73%
die
73%
sour
72%
burnt
72%
scream
71%
mad
71%
mad
71%
flies
71%
scream
71%
scream
71%
flies
71%
mad
71%
pay
70%
rent
70%
sells
69%
struggling
69%
sells
69%
lungs
68%
day's
68%
end
67%
men
66%
strange
65%
pipe
65%
cause
65%
pipe
65%
cause
65%
nights
65%
pipe
65%
long
64%
gone
60%
covered
60%
no
56%
light's
55%
will
53%
better
53%
eye
53%
all
51%
time
48%
hoping
48%
phone
48%
stay
46%
girl
45%
clothes
44%
dry
44%
dry
44%
down
43%
swim
42%
wet
42%
closed
41%
straight
41%
loose
41%
ripped
40%
afloat
40%
change
40%
bank
39%
line
39%
house
39%
we'll
39%
gloves
38%
notes
38%
fade
38%
weary
37%
raincoat
36%
or
35%
throat
35%
or
35%
call
35%
or
35%
tried
32%
eyed
30%

Score Distribution

Percentile by Number Answered

Percent of People with Each Score

Your Score History

You have not taken this quiz